00443nam a2200157Ia 4500008004100000020001500041082001600056100002000072245003000092250000700122260004000129300002600169500001900195600002100214650005000235240925s9999 xx 000 0 und d a078212979x a005.133 DAN aArman , Danesh 0aMastering Cold FusionĀ® 5 aNA aNew Delhi:bBPB Publicationc,2001. axi,298p.bNAfPirated aIncludes Index aComputer Science aComputer science, information & general works